000 01179nam a22003497a 4500
003 CHAP
005 20220329140309.0
008 971013s1959 r 00010 d
010 _a49962
011 _a50934
035 _a55084
040 _cCHAP
090 _aTesis
100 0 0 _aVillarreal Guzmán, Rogelio.
_9119625
245 _aDensidad de siembra y diferentes niveles de nitrógeno en el cultivo de la cebada
260 _aChapingo, Méx. :
_bEl autor,
_c1959
300 _a52 h.
502 _aTesis (Ing. Agr. Esp. en Fitotecnia) -- ENA. Departamento de Fitotecnia
590 _aALEPH
_b10
_c20130110
_lUCH01
_h1323
590 _aBATCH-UPD
_b10
_c20130110
_lUCH01
_h0346
590 _aBATCH-UPD
_b10
_c20130110
_lUCH01
_h2332
590 _aBATCH-UPD
_b10
_c20130410
_lUCH01
_h0019
590 _aBATCH-UPD
_b10
_c20130914
_lUCH01
_h0902
590 _aCONVERSION
_b10
_c20130109
_lUCH01
_h1327
650 1 4 _aCebada.
_920652
650 1 4 _aFertilizantes para cebada.
_940612
901 _aBK
942 _cFOLL
949 _bBC
_cTES
_d-121108
_eTS1
_i55084
_si
949 _bBC
_cTES
_d33724000599213
_eTS2
_fc.2
_i55084
_si
949 _bBC
_cTES
_d33724000599221
_eTS2
_fc.3
_i55084
_si
999 _c49962
_d49962